Fuels and furnaces for industrial heating; (Record no. 548502)

000 -LEADER
fixed length control field 00609cam a22001571 4500
082 ## - DEWEY DECIMAL CLASSIFICATION NUMBER
Classification number 665.55
Author Mark ARM
-- L-17, P-1
100 1# - MAIN ENTRY--PERSONAL NAME
Personal name Armstrong, Harry Clifford.
9 (RLIN) 44837
245 10 - TITLE STATEMENT
Title Fuels and furnaces for industrial heating;
Remainder of title a handbook for furnace managers and firemen,
Statement of responsibility, etc. by H. C. Armstrong. With frontispiece, 13 illustrations and 3 tables.
260 ## - PUBLICATION, DISTRIBUTION, ETC.
Place of publication, distribution, etc. London,
Name of publisher, distributor, etc. Griffith,
Date of publication, distribution, etc. 1938.
300 ## - PHYSICAL DESCRIPTION
Extent xii, 136 p.
Other physical details front., illus., diagrs.
Dimensions 20 cm.
490 0# - SERIES STATEMENT
Series statement Griffin's industrial textbooks,
526 ## - STUDY PROGRAM INFORMATION NOTE
Program name 0
Interest level 0
Reading level 0
Title point value 665_550000000000000_ARM
650 #0 - SUBJECT ADDED ENTRY--TOPICAL TERM
Topical term or geographic name entry element Fuel.
9 (RLIN) 44800
650 #0 - SUBJECT ADDED ENTRY--TOPICAL TERM
Topical term or geographic name entry element Furnaces.
9 (RLIN) 41788
942 ## - ADDED ENTRY ELEMENTS (KOHA)
Source of classification or shelving scheme
Koha item type Book
Holdings
Withdrawn status Lost status Source of classification or shelving scheme Damaged status Not for loan Permanent Location Current Location Date acquired Total Checkouts Full call number Barcode Date last seen Price effective from Koha item type
          Military College of Engineering (MCE) Military College of Engineering (MCE) 08/28/2014   665.55 ARM MCE-1675 08/28/2014 08/28/2014 Book
© 2023 Central Library, National University of Sciences and Technology. All Rights Reserved.